The persistent desire : a femme-butch reader /

Gardado en:
Detalles Bibliográficos
Autor Principal: Nestle, Joan (Author)
Formato: Libro
Idioma:inglés
Publicado: Boston : Alyson Publications, 1992
Tags: Engadir etiqueta
Sen Etiquetas, Sexa o primeiro en etiquetar este rexistro!

MARC

LEADER 00000nam a22000007i 4500
001 IT\ICCU\UBO\2283865
003 ItRI
005 20260115231831.0
008 030904s1992 xxu|||||| ||||| |||||c
020 |a 1555831907 
040 |b ita  |c importazione bologna sebina 
041 7 |a eng  |2 ISO-639-2 
100 1 |a Nestle, Joan  |0 IT\ICCU\UBOV\689109  |4 aut 
245 1 4 |a The persistent desire :  |b a femme-butch reader /  |c edited by Joan Nestle. 
260 |a Boston :  |b Alyson Publications,  |c 1992 
300 |a 503 p. :  |b ill. ;  |c 22 cm. 
942 |2 ddc  |c BK  |n 0 
952 |0 0  |1 0  |4 0  |6 L_306_766000000000000_NES  |7 0  |9 13831  |a BO  |b BO  |d 2026-01-15  |i 3080  |l 0  |o L 306.766 NES  |p BO3080  |r 2026-01-15 23:18:31  |w 2026-01-15  |x [Sebina 5] [1 v.]  |y BK  |z 1 v. 
999 |c 11903  |d 11903